Sull'AIDS : la rappresentazione sociale della malattia /

Guardat en:
Dades bibliogràfiques
Autor principal: Pullega, Emanuele (Autor)
Format: Llibre
Idioma:italià
Publicat: Bologna : Millenium, stampa 1998
Etiquetes: Afegir etiqueta
Sense etiquetes, Sigues el primer a etiquetar aquest registre!

MARC

LEADER 00000nam a22000007i 4500
001 IT\ICCU\UBO\1797659
003 ItRI
005 20260115232246.0
008 020802s1998 it |||||| ||||| |||||c
040 |b ita  |c importazione bologna sebina 
041 7 |a ita  |2 ISO-639-2 
100 1 |a Pullega, Emanuele  |0 IT\ICCU\UBOV\506608  |4 aut 
245 1 0 |a Sull'AIDS :  |b la rappresentazione sociale della malattia /  |c Emanuele Pullega. 
260 |a Bologna :  |b Millenium,  |c stampa 1998 
300 |a 252 p. ;  |c 19 cm. 
942 |2 ddc  |c BK  |n 0 
952 |0 0  |1 0  |4 0  |6 A_616_979000000000000_PUL  |7 0  |9 23127  |a BO  |b BO  |d 2026-01-15  |i 5770  |l 0  |o A 616.979 PUL  |p BO5770  |r 2026-01-15 23:22:46  |w 2026-01-15  |x [Sebina 5] [1 v. (2. copia)]  |y BK  |z 1 v. (2. copia) 
952 |0 0  |1 0  |4 0  |6 A_616_979000000000000_PUL  |7 0  |9 23128  |a BO  |b BO  |d 2026-01-15  |i 6426  |l 0  |o A 616.979 PUL  |p BO6426  |r 2026-01-15 23:22:46  |w 2026-01-15  |x [Sebina 5] [1 v.]  |y BK  |z 1 v. 
999 |c 19722  |d 19722